00852cam a22002411i 4500001001300000003000400013005001700017008004100034010001700075035001900092040002100111042001200132043001200144050001600156100004100172245012600213260004300339300007100382490004100453650004200494810005700536999001700593gs 10000001 DLC20260227111309.0790420s1909 dcuabf f001 0 eng  ags 10000001  a(OCoLC)4879208 aDLCcICharEdDLC apremarc an-us-az00aTN24.A6bS31 aSchrader, Frank Charles,d1860-1944.10aMineral deposits of the Cerbat Range, Black Mountains, and Grand Wash Cliffs, Mohave county, Arizona /cby F.C. Schrader. aWashington,bGovt. Print. Off.,c1909. a226 p. :bill., xvi pl. (part fold., incl. maps) diagrs. ;c24 cm.1 aU.S. Geological survey. Bulletin 397 0aMines and mineral resourceszArizona.1 aUnited States.bGeological Survey.tBulletin ;v397. c24889d24889